000 00914nac a22002657a 4500
001 BR0104319
003 BR-BrBNA
005 20240105122629.0
008 230509b bl.|||m| |||| 00| 0 por d
040 _aBR-BrBNA
_bpor
_cBiblioteca Nacional de Agricultura
072 _aC10; K10
090 _aC10 BR0104319
100 1 _aChristmann, A.
110 1 _aEmpresa de Pesquisa Agropecuaria e Extensao Rural de Santa Catarina S.A., Florianopolis (Brasil)
245 1 _aTreinamento comunitario de silvicultura
260 3 _aFlorianopolis, SC (Brasil):
_c2000.
300 _a26 p.
490 _aBoletim Didatico - Empresa de Pesquisa Agropecuaria e Extensao Rural de Santa Catarina S.A. (Brazil)
_vno. 35
_xISSN 1414-5219
500 _a39 illus.
650 _aSilvicultura
650 _aTreinamento
650 _aPratica Cultural
909 _a202312
_bLúcia Elande
_c55
_dLúcia Elande
942 _2AGRIS
_n0
_cMS
999 _c292018
_d292018